Boletín SITEP (Registro nro. 16764)

Detalles MARC
000 -CABECERA
Campo de control 00291as aa2200097a 44500
090 ## - CLASIFICACIÓN LOCAL
Colección SERIADAS
Consecutivo 00767
041 0# - IDIOMA
Código de idioma para texto/pista de sonido o título separado
245 10 - MENCION DE TITULO
Título Boletín SITEP
260 ## - PUBLICACION, DISTRIBUCION, ETC. (PIE DE IMPRENTA)
Nombre del editor, distribuidor, etc. Sistema de Información Técnico Estadístico de Plantaciones Forestales Industriales en Colombia
Lugar de publicación, distribución, etc. Colombia
942 ## - ELEMENTOS ADICIONALES (KOHA)
Tipo de ítem Periodica o revista
Existencias
Withdrawn status Lost status Damaged status No para préstamo Colección Fecha publicación (Año) Volumen revista Número revista Ubicación Permanente Ubicación actual Fecha de adquisición Fuente de Valor Total Checkouts Número topográfico Inventario / Código de Barras Date last seen Ejemplar Price effective from Forma de adquisición Tipo de material
        Hemeroteca 1997 1 2 Villa de Leyva Villa de Leyva 13/03/2001 Desconocido   SERIADAS 00767 006242 25/03/2015 1 25/03/2015   Periodica o revista
        Hemeroteca 1998 2 3 Villa de Leyva Villa de Leyva 13/03/2001 Desconocido   SERIADAS 00767 006243 25/03/2015 1 25/03/2015   Periodica o revista